What Zodiac Sign... Quiz Stats

 Plays Quiz Updated Mar 6, 2020

Support Sporcle.
Go Orange.
Score 0/24 Timer 06:00
0 Plays Today
Clue Sign % Correct
SpongeBob and Squidward's employerCancer
66.8%
Minneapolis-St. PaulGemini
65.5%
Richard Branson's corporationVirgo
62.6%
Dodge's three-time Truck of the YearAries
62.1%
Queen Elizabeth IVirgo
53.7%
Drooper, Elsa or KimbaLeo
50.4%
Major, minor, chromaticLibra
49.2%
Scottie PippenTaurus
48.5%
Abigail Van Buren, Ann LandersGemini
47.6%
William TellSagittarius
46.8%
Ceviche, crappit heid, surströmmingPisces
42.1%
Mac OS X v10.7Leo
41.5%
Clue Sign % Correct
Scoville, Mohs, and FujitaLibra
39.6%
Bobby Boucher (Adam Sandler, 1998)Aquarius
39.2%
Rudolf Schenker, rockin' you like a hurricaneScorpio
35.2%
Mathayus (Dwayne 'The Rock' Johnson, 2002)Scorpio
33.2%
A papal letter bearing the title 'episcopus servus servorum Dei'Taurus
28.1%
Mickey Rourke in 'The Wrestler'Aries
27.4%
The supernova remnant found in the constellation Taurus Cancer
24.7%
Gunga DinAquarius
24.4%
Basketballer Earl ManigaultCapricorn
23.2%
' The ___, or Who is Sylvia'Capricorn
22.1%
Governor of NY (1850), US Sec. of State (1869-77)Pisces
20.4%
'The Age of Innocence' protagonistSagittarius
19.3%

You're not logged in!

Compare scores with friends on all Sporcle quizzes.
OR
Log In

From the Vault

Prime Number or Not?

by chair

It's high time we found something prime.
Remove Ads.
Support Sporcle.
Get the best of Sporcle when you Go Orange. This ad-free experience offers more features, more stats, and more fun while also helping to support Sporcle. Thank you for becoming a member.

Show Comments

Extras

Top Quizzes Today


Score Distribution

Your Account Isn't Verified!

In order to create a playlist on Sporcle, you need to verify the email address you used during registration. Go to your Sporcle Settings to finish the process.

Report this User

Report this user for behavior that violates our Community Guidelines.

Details: